书目信息 |
| 题名: |
一九○○年以来的美国史
|
|
| 作者: | 林克 , 卡顿 著 ;刘绪贻 译 | |
| 分册: | 下册 | |
| 出版信息: | 北京 中国社会科学出版社 1983 |
|
| 页数: | 522页 | |
| 开本: | 21cm | |
| 丛书名: | ||
| 单 册: | ||
| 中图分类: | K712.5 | |
| 科图分类: | ||
| 主题词: | 现代史--美国 | |
| 电子资源: | ||
| ISBN: | ||
| 000 | 00816nam0 2200265 45 | |
| 001 | 0183004232 | |
| 005 | 20051115162715.53 | |
| 010 | @dCNY5.20(3册) | |
| 091 | @a11190.104 | |
| 100 | @a19950721d1983 em y0chiy0121 ea | |
| 101 | 1 | @achi@ceng |
| 102 | @aCN@b110000 | |
| 105 | @ay z 000yy | |
| 200 | 10 | @a一九○○年以来的美国史@Ayi jiu ling ling nian yi lai de mei guo shi@h下册@f(美)阿瑟·林克,威廉·卡顿著@F(mei)a se·lin ke,wei lian·ka dun zhu@g刘绪贻等译 |
| 210 | @a北京@c中国社会科学出版社@d1983 | |
| 215 | @a522页@d21cm | |
| 606 | @a现代史@y美国 | |
| 607 | @a美国-现代史 | |
| 690 | @aK712.5@v3 | |
| 701 | 0 | @a林克@Alin ke@4著 |
| 701 | 0 | @a卡顿@Aka dun@4著 |
| 702 | 0 | @a刘绪贻@Aliu xu yi@4译 |
| 801 | 2 | @aCN@bNLC@c20051115 |
| 801 | 0 | @aCN@b上海图书馆@c20040510 |
| 905 | @f1@b101359@dK712.5@e3:3 | |
| 一九○○年以来的美国史.下册/(美)阿瑟·林克,威廉·卡顿著/刘绪贻等译.-北京:中国社会科学出版社,1983 |
| 522页;21cm |
| ISBN :CNY5.20(3册) |
| ● |
| 相关链接 |
|
|
|
|
正题名:一九○○年以来的美国史
索取号:K712.5/3:3
 
预约/预借
| 序号 | 登录号 | 条形码 | 馆藏地/架位号 | 状态 | 备注 |
| 1 | 0101359 | 001413232 | 密集书库/ [索取号:K712.5/3:3] | 在馆 | |
| 2 | 0101361 | 001838195 | 密集书库/ [索取号:K712.5/3:3] | 在馆 | |
| 3 | 0101362 | 001927918 | 密集书库/ [索取号:K712.5/3:3] | 在馆 | |
| 4 | 0101363 | 001833868 | 第二样本阅览室/ [索取号:K712.5/3:3] | 在馆 |